MARC

LEADER 00000nam0a2200000 4500
001 334011
005 20231102004619.0
010 |a 5230074779 
035 |a (RuTPU)RU\TPU\book\360027 
035 |a RU\TPU\book\148209 
090 |a 334011 
100 |a 20170706d1978 k y0rusy50 ca 
101 0 |a rus 
102 |a RU 
105 |a a z 001zy 
200 1 |a Светотехника и источники света  |h Вып. 1  |e межвузовский сборник научных трудов  |f Мордовский государственный университет им. Н. П. Огарева ; под ред. Л. В. Абрамовой ; В. Н. Корочкова 
210 |a Саранск  |c Изд-во Мордовского ун-та  |d 1978 
215 |a 174 с.  |c ил. 
320 |a Библиография в конце статей 
606 1 |a Светотехника  |2 stltpush  |3 (RuTPU)RU\TPU\subj\54172  |9 72331 
606 1 |a Электрические источники света  |2 stltpush  |3 (RuTPU)RU\TPU\subj\26955  |9 50782 
610 1 |a производство 
610 1 |a технология 
610 1 |a осветительные установки 
610 1 |a осветительные приборы 
610 1 |a измерительная техника 
610 1 |a металлогалогенные лампы 
610 1 |a оксидные катоды 
610 1 |a люминисцентные лампы 
610 1 |a галогенные лампы накаливания 
610 1 |a импульсные лампы 
610 1 |a освещенность 
675 |a 628.9  |v 3 
675 |a 621.32  |v 3 
702 1 |a Абрамова  |b Л. В.  |4 340 
702 1 |a Корочков  |b В. Н.  |4 340 
712 0 2 |a Мордовский государственный университет им. Н. П. Огарева  |c (Саранск)  |2 stltpush  |3 (RuTPU)RU\TPU\col\6661  |9 24254 
801 1 |a RU  |b 63413507  |c 20080426  |g PSBO 
801 2 |a RU  |b 63413507  |c 20190208  |g PSBO 
942 |c BK